Ombudsman ako subjekt kontroly vo verejnej správe
Orgány kontroly v oblasti verejnej správy majú dôležité a nezastupiteľné miesto v hierarchii štátnych orgánov SR. Zaisťujú ochranu základných práv a slobôd a upevňujú právnu istotu v štáte. V príspevku sa podrobnejšie analyzuje ombudsman, ktorý je jedným zo subjektov kontroly zákonnosti postupov a r...
Na minha lista:
| Autor principal: | |
|---|---|
| Formato: | Capítulo de Livro |
| Idioma: | eslovaco |
| Assuntos: | |
| Tags: |
Sem tags, seja o primeiro a adicionar uma tag!
|
MARC
| LEADER | 00000nla$a2200000$$$4500 | ||
|---|---|---|---|
| 001 | 0129542 | ||
| 005 | 20221207081554.3 | ||
| 041 | 0 | |a slo | |
| 044 | |a SK | ||
| 245 | 1 | 0 | |a Ombudsman ako subjekt kontroly vo verejnej správe |c Petra Raučinová |
| 520 | |a Orgány kontroly v oblasti verejnej správy majú dôležité a nezastupiteľné miesto v hierarchii štátnych orgánov SR. Zaisťujú ochranu základných práv a slobôd a upevňujú právnu istotu v štáte. V príspevku sa podrobnejšie analyzuje ombudsman, ktorý je jedným zo subjektov kontroly zákonnosti postupov a rozhodnutí orgánov verejnej správy. | ||
| 610 | 2 | 0 | |a správa verejná |
| 610 | 2 | 0 | |a kontrola verejná |
| 610 | 2 | 0 | |a ombudsman |
| 100 | 1 | |a Raučinová, Petra | |